书目信息 |
| 题名: |
当代中国大众文化研究
|
|
| 作者: | 孙占国 主编 | |
| 分册: | ||
| 出版信息: | 长春 吉林人民出版社 2005 |
|
| 页数: | 236页 | |
| 开本: | 20cm | |
| 丛书名: | ||
| 单 册: | ||
| 中图分类: | G12 | |
| 科图分类: | ||
| 主题词: | 文化理论--研究--中国--现代 , 文化理论 | |
| 电子资源: | ||
| ISBN: | 7-206-03221-4 | |
| 000 | 00850nam0 2200265 45 | |
| 001 | 0120054512 | |
| 005 | 20070709082700.65 | |
| 010 | @a7-206-03221-4@dCNY18.80 | |
| 092 | @aCN@b158238 | |
| 100 | @a20050912d2005 em y0chiy0121 ea | |
| 101 | 0 | @achi |
| 102 | @aCN@b220000 | |
| 105 | @ay z 000yy | |
| 200 | 1 | @a当代中国大众文化研究@9dang dai zhong guo da zhong wen hua yan jiu@f孙占国主编 |
| 205 | @a2版 | |
| 210 | @a长春@c吉林人民出版社@d2005 | |
| 215 | @a236页@d20cm | |
| 320 | @a有书目 | |
| 330 | @a本书内容主要包括人类文化与大众文化;中国大众文化的发展历程;中国大众文化的表现形态;中国大众文化的价值透视;中国大众文化的人文重建五方面的内容。 | |
| 606 | 0 | @a文化理论@x研究@y中国@z现代 |
| 606 | 0 | @a文化理论 |
| 690 | @aG12@v4 | |
| 701 | 0 | @a孙占国@9sun zhan guo@4主编 |
| 801 | 0 | @aCN@bLZJBOOK@c20070709 |
| 905 | @a10447@dG12@e94=2 | |
| 当代中国大众文化研究/孙占国主编.-2版.-长春:吉林人民出版社,2005 |
| 236页;20cm |
| ISBN 7-206-03221-4:CNY18.80 |
| 本书内容主要包括人类文化与大众文化;中国大众文化的发展历程;中国大众文化的表现形态;中国大众文化的价值透视;中国大众文化的人文重建五方面的内容。 |
| ● |
| 相关链接 |
|
|
|
|
正题名:当代中国大众文化研究
索取号:G12/94=2
 
预约/预借
| 序号 | 登录号 | 条形码 | 馆藏地/架位号 | 状态 | 备注 |
| 1 | 0562581 | 205625812 | 第一样本阅览室/ [索取号:G12/94=2] | 在馆 | |
| 2 | 0562582 | 205625821 | 第四借阅区/ [索取号:G12/94=2] | 在馆 | |
| 3 | 0562583 | 205625830 | 第四借阅区/ [索取号:G12/94=2] | 在馆 | |
| 4 | 0562584 | 205625849 | 第四借阅区/ [索取号:G12/94=2] | 在馆 | |
| 5 | 0562585 | 205625858 | 第四借阅区/ [索取号:G12/94=2] | 在馆 | |
| 6 | 0562586 | 205625867 | 第四借阅区/ [索取号:G12/94=2] | 在馆 | |
| 7 | 0562587 | 205625876 | 第四借阅区/ [索取号:G12/94=2] | 在馆 | |
| 8 | 0562588 | 205625885 | 第四借阅区/ [索取号:G12/94=2] | 在馆 |